Yoga and depth psychology : (Record no. 132923)

MARC details
000 -LEADER
fixed length control field 00730nam a22002297a 4500
005 - DATE AND TIME OF LATEST TRANSACTION
control field 20170124110201.0
010 ## - LIBRARY OF CONGRESS CONTROL NUMBER
LC control number 919710
020 ## - INTERNATIONAL STANDARD BOOK NUMBER
Terms of availability 55.00
035 ## - SYSTEM CONTROL NUMBER
System control number 919710
037 ## - SOURCE OF ACQUISITION
Source of stock number/acquisition Cen Lib/Ret
040 ## - CATALOGING SOURCE
Original cataloging agency DPL
Language of cataloging EN
082 ## - DEWEY DECIMAL CLASSIFICATION NUMBER
Classification number 181.43
Item number SAC
100 ## - MAIN ENTRY--PERSONAL NAME
Personal name Sachdeva, I. P.
9 (RLIN) 36159
245 ## - TITLE STATEMENT
Title Yoga and depth psychology :
Statement of responsibility, etc by I. P. Sachdeva
Remainder of title with special reference to the integration of personality /
260 ## - PUBLICATION, DISTRIBUTION, ETC. (IMPRINT)
Place of publication, distribution, etc Delhi
Name of publisher, distributor, etc Motilal Bonarsidass
Date of publication, distribution, etc 1978
270 ## - ADDRESS
Address Bunglow Road, Jawahar Nagar
City New Delhi
Postal code 110007
300 ## - PHYSICAL DESCRIPTION
Extent xvii, 271p.
Dimensions 20cm(Hb)
500 ## - GENERAL NOTE
General note Includes bibliographical references and index<br/>
650 ## - SUBJECT ADDED ENTRY--TOPICAL TERM
Topical term or geographic name as entry element Yoga
9 (RLIN) 75216
650 ## - SUBJECT ADDED ENTRY--TOPICAL TERM
Topical term or geographic name as entry element Psychology
9 (RLIN) 75217
942 ## - ADDED ENTRY ELEMENTS (KOHA)
Source of classification or shelving scheme Dewey Decimal Classification
Koha item type English Books
Classification part 181.43
Call number suffix SAC
Holdings
Withdrawn status Lost status Damaged status Not for loan Home library Current library Date acquired Source of acquisition Cost, normal purchase price Total Checkouts Full call number Barcode Date last seen Copy number Cost, replacement price Price effective from Koha item type Public note
Written off       Central Library Central Library 24/07/2015 Cen Lib/Ret 55.00   181.43 SAC 919710 24/07/2015 1 55.00 24/07/2015 English Books W/d list no. 6801/4

© Delhi Public Library
Hit Counter
free hit counter